000 01857nam0a2200409 4500
001 RU\NLR\bibl\338257
005 20260409075123.0
010 _a5-7084-0230-X
_bВ пер.
_91000
020 _aRU
_b02-6741467414
_9Книжная летопись
021 _aRU
_b2002-39566
_91930
035 _a(NLR Aleph) 000333149
090 _a169614
_c169614
100 _a20021104d2002 |||y0rusy50 ca
101 0 _arus
102 _aRU
105 _aa |||||||||
200 1 _aНеклассическое воспитание
_eОт авторитар. педагогики к педагогике свободы
_e[Статьи. Воспоминания]
_fО. С. Газман
_gНауч.-пед. об-ние "Шк. самоопределения"
210 _aМ.
_cМИРОС
_d2002
215 _a294,[1] с.
_cпортр.
_d22
320 _aБиблиогр. в тексте
327 1 _aВ кн. также: В кольце друзей : Воспоминания об Олеге Газмане и его рассказ о друге
606 0 _aШкола
_xВоспитательная работа
_91287420
_3RU\NLR\auth\66214095
606 _aШколы
_xВоспитательная работа
_3RU\NLR\auth\661394186
_92331490
610 0 _aДети - Воспитание - Психологические основы
610 0 _aУчебно-воспитательная работа в школе - Психологические основы
675 _a373.5
_v3
_zrus
686 _a14.23
_2rugasnti
686 _a74.200
_2rubbk
686 _aЧ421.3
700 1 _aГазман
_bО. С.
_f1936-1996
_gОлег Семенович
_4070
801 0 _aRU
_bRKP
_c20021104
_gPSBO
801 1 _aRU
_bRKP
_c20021104
801 2 _aRU
_bNLR
_c20101216
_grcr
830 _aАвт. по кн.
942 _cBOOK
980 _aNB